| 000 | 03165nam a2200337 i 4500 | ||
|---|---|---|---|
| 003 | DO-SdBNP | ||
| 005 | 20240820090407.0 | ||
| 007 | ta | ||
| 008 | 240807s2002 sp abc e 000 0 spa d | ||
| 020 | _a8489898502 (colección completa) | ||
| 020 | _a8489898715 (actualización 2002) | ||
| 040 |
_aDO-SdBNP _bspa _cBNPHU _erda |
||
| 082 | 4 |
_a036.1 _bL332 2002 _222 |
|
| 245 | 0 | 0 |
_aLarousse 2000 : _bactualización 2002 / _cdirección Núria Lucena Cayuela ; edición Jordi Induráin Pons, Emili López Tossas ; redacción Cristina Ruiz Vegas, Fina Oliu Cucó. |
| 264 | 4 |
_aBarcelona, España : _bPlaneta, _bTemáticos Larousse, _c©2002. |
|
| 300 |
_a344 páginas : _bilustraciones, mapas, retratos ; _c30 cm. |
||
| 336 |
_2rdacontent _atexto _btxt |
||
| 337 |
_2rdamedia _asin mediación _bn |
||
| 338 |
_2rdacarrier _avolumen _bnc |
||
| 500 | _aIncluye índice onomástico. | ||
| 505 | 0 |
_tPreliminares -- _tImágenes del año -- _gPanorama Internacional -- _tInternacional: resumen del año. -- _tLa administración Bush antes y después del 11 de septiembre. -- _tLas dificultosas relaciones entre occidente e islam. -- _tArgentina; crisis política y deuda pública. -- _tLa mundialización contra el estado. -- _tItalia y Berlusconi; una segunda oportunidad. -- _tMilosevic, el tirano que no hay que olvidar. -- _tLa difícil tarea de Alejandro Toledo. -- _tPinochet, Videla y la operación Cóndor. -- _gEspaña -- _tEl año político -- _tLa evolución económica -- _tEl agua dulce, una penuria anunciada -- _tElecciones autonómicas en el país Vasco y Galicia -- _tLos problemas de la sanidad española en 2001 -- _gEconomía -- _tAlaridos de dolor -- _tLas multinacionales y la cuestión laboral -- _gCultura -- _tPanorama literario -- _tEl mundo del arte -- _tMúsica -- _tTeatro y danza -- _tEl cine en el mundo en 2001- _gSociedad -- _tAlimentación bajo sospecha -- _gCiencia y técnica -- _tExplotación del espacio -- _tClonación: luces y sombras -- _tEl futuro de la telefonía móvil -- _gMedio ambiente -- _tEl ámbito urbano y el tratamiento de residuos -- _gDeportes -- _tUn año de estrellas sin límites -- _tCampeonato del mundo de atletismo Edmonton 2001 -- _gPersonajes del año -- _tProtagonistas -- _tObituario -- _gEfemérides -- _tEl año Verdi -- _t400 aniversario de Baltasar Gracián -- _tCentenario de la muerte de Leopoldo Alas, Clarín -- _tCentenario del premio Nobel -- _tCentenario del nacimiento de Ramón J. Sender -- _t25 años de El país -- _tOtras conmemoraciones -- _gPremios -- _tArte -- _tArtes escénicas -- _tCine -- _tLiteratura -- _tMúsica -- _tNacionales -- _tNobel -- _tOndas -- _tPríncipe de Asturias -- _tEstadísticas -- _tPaíses del mundo -- _tSuplemento enciclopédico -- _tÍndice onomástico |
|
| 590 | _aInventariado, 2024/ YL | ||
| 650 | 4 |
_aDiccionario Enciclópedico _986131 |
|
| 700 | 1 |
_aLucena Cayuela, Núria _edirección _986242 |
|
| 700 | 1 |
_aInduráin Pons, Jordi _eedición _986243 |
|
| 700 | 1 |
_aLópez Tossas, Emili _eedición _986244 |
|
| 700 | 1 |
_aRuiz Vegas, Cristina _eredacción _986245 |
|
| 700 | 1 |
_aOliu Cucó, Fina _eredacción _986247 |
|
| 910 | _aYLockward. Validado control de calidad/MAA | ||
| 942 |
_2ddc _cLBS1 |
||
| 999 |
_c57388 _d57388 |
||